|
|
|
|
| LEADER |
00000nab#a22000007a#4500 |
| 001 |
arbauad004707 |
| 003 |
AR-BaUAD |
| 005 |
20250711110645.0 |
| 008 |
940711|||||||||###||||||b###|0###a|spa|| |
| 040 |
|
|
|a AR-BaUAD
|c AR-BaUAD
|b spa
|
| 100 |
|
|
|a Craviotto, Miguel Angel
|
| 245 |
|
|
|a Campaña Summa en pro de la conservación y recuperación de los ríos y las costas para el uso del hombre :
|b la formación ambiental /
|c Miguel Angel Craviotto;
|
| 653 |
|
|
|a RECUPERACION DE RIOS
|
| 653 |
|
|
|a RECUPERACION DE TIERRAS
|
| 653 |
|
|
|a MEDIO AMBIENTE
|
| 773 |
0 |
|
|t SUMMA
|g no. 160 [mar. 1981], p. 79-80
|
| 942 |
|
|
|c ARTI
|
| 952 |
|
|
|0 0
|1 0
|4 0
|7 0
|9 49627
|a AR-BAuAD
|b AR-BAuAD
|d 2025-07-11
|l 0
|p AAQA004707
|r 2025-07-11 11:06:45
|w 2025-07-11
|y ARTI
|
| 990 |
|
|
|a U198
|b TD
|
| 998 |
|
|
|a AAQ
|b BIBUN76
|
| 999 |
|
|
|c 29300
|d 29300
|